Explicaciones de Derecho Civil Chileno y Comparado

Đã lưu trong:
Chi tiết về thư mục
Tác giả chính: Claro Solar, Luis (autor)
Định dạng: Sách
Ngôn ngữ:Tiếng Tây Ban Nha
Được phát hành: Santiago, Chile: Jurídica de Chile, 1992
Những chủ đề:
Các nhãn: Thêm thẻ
Không có thẻ, Là người đầu tiên thẻ bản ghi này!

MARC

LEADER 00000nam a2200000 a 4500
001 UCZ0873
003 CL-VaPUC
005 20220822114449.0
008 950810e19780000CL |||||||||||||||||spa|d
999 |c 435651  |d 435649 
040 |c Pontificia Universidad Católica de Valparaíso 
082 0 4 |a 346.83 CLA 1992  |2 21 
100 0 |a Claro Solar, Luis  |e autor  |9 344176 
245 1 0 |a Explicaciones de Derecho Civil Chileno y Comparado 
260 |a Santiago, Chile:  |b Jurídica de Chile,  |c 1992 
300 |a volúmenes 
500 |a c.1.Vol. 1-8. Donación Familia Prof. Alejandro Guzmán Brito. 
500 |a n 
505 |a Vol. I: Tomo Primero. De las Personas. Vol. II: Tomo Tercero. De las Personas. Vol. III: Tomo sexto. De los Bienes I. Vol. IV: Tomo Octavo. De los Bienes III. Vol. V: Tomo Decimo. De las Obligaciones I Vol. VI: Tomo Duodécimo. De las Obligaciones III Vol. VII: Tomo Décimo Tercero. De la sucesión por causa de muerte. Vol. VIII: Tomo Décimo Sexto. De la sucesión por causa de muerte IV 
583 |a last modification  |c 20170622 09:17:47  |k Catalogador Asistente 
650 0 |a Derecho civil  |9 255013  |z Chile 
650 0 |a Derecho comparado  |9 255664  |z Chile 
942 |c BK  |2 ddc  |n 0 
945 |d 19950810 00:00:00  |a aalvarez